00754cam a22002411 4500001001300000003000400013005001700017008004100034010001700075025001900092035002000111040002100131042001200152043001200164050001700176082001500193110006400208245008200272260008900354300002900443650002300472999001700495sa 68010034 DLC20260227112549.0850329s1966 ii ab 000 0 eng  asa 68010034  aPL480:I-E-7891 a(OCoLC)11864034 aDLCcHUdHUdDLC apremarc aa-ii---00aS616.I4bA52 a631.7/09541 aIndia.bCommittee on Plan Projects.bMinor Irrigation Team.10aAll-India review of minor irrigation works based on state-wide field studies. aNew Delhi,bCommittee on Plan Projects, Planning Commission, Irrigation Team,c1966. aii, 74 p.billus., maps. 0aIrrigationzIndia. c83283d83283